Η πολιτιστική κληρονομιά και το δίκαιο : πρακτικά συνεδρίου, 3-4 Ιουνίου 2003, Αθήνα

Saved in:
Bibliographic Details
Corporate Authors: Ευρωπαϊκό Κέντρο Δημοσίου Δικαίου, Ελλάς. Υπουργείο Πολιτισμού
Other Authors: Τροβά, Ελένη (edtf)
Format: Book
Language:Greek
Published: Αθήνα : Σάκκουλας, 2004.
Subjects:
Tags: Add Tag
No Tags, Be the first to tag this record!

MARC

LEADER 00000cam a2200000 i 4500
001 1/8179
008 100608s2004 gr ||| ||gre||
020 |a 9603017841 
035 |l 10108157 
040 |a GR-MY-UA  |b gre  |e aacr 
041 0 |a gre 
082 7 |a 344.094   |2 (22) 
245 0 2 |a Η πολιτιστική κληρονομιά και το δίκαιο :   |b πρακτικά συνεδρίου, 3-4 Ιουνίου 2003, Αθήνα /   |c Ευρωπαϊκό Κέντρο Δημοσίου Δικαίου ; επιμέλεια: Ελένη Τροβά.  
260 |a Αθήνα :   |b Σάκκουλας,   |c 2004.  
300 |a xvi, 647 σ. :   |b εικ. ;   |c 24 εκ.  
500 |a Υπό την αιγίδα του Υπουργείου Πολιτισμού.  
504 |a Βιβλιογραφία: σ. [629]-647.  
650 0 0 |a Cultural property  |x Protection  |x Law and legislation  |x Congresses. 
650 0 0 |a Cultural property  |x Protection  |x Law and legislation  |z Greece  |x Congresses. 
700 1 |a Τροβά, Ελένη,  |e edtf 
710 2 |a Ευρωπαϊκό Κέντρο Δημοσίου Δικαίου. 
710 1 |a Ελλάς.   |b Υπουργείο Πολιτισμού. 
852 |a INST  |b LESVOS  |e 20100608  |h 344.094 ΠΟΛ  |p 005100047598  |q 005100047598  |t BK  |y 0 
852 |a INST  |b LESVOS  |e 20100608  |h 344.094 ΠΟΛ  |p 005100047599  |q 005100047599  |t BK  |y 4  |x 20220907 
852 |a INST  |b RHODES  |e 20160624  |h 344.094 ΠΟΛ  |p 005400038578  |q 005400038578  |t BK  |y 0 
901 |a BIBL1-2010-2 
909 |a Λ  |b 164654 
909 |a Λ  |b 164655 
970 |a Καρά  |b Γιασεμή  |z 2010/06/08